Λεωφόρος αισθημάτων : ποιήματα
Αποθηκεύτηκε σε:
| Κύριος συγγραφέας: | |
|---|---|
| Μορφή: | Βιβλίο |
| Γλώσσα: | Greek |
| Δημοσίευση: |
Αθήνα :
Ελληνικά Γράμματα,
1996
|
| Θέματα: | |
| Ετικέτες: |
Προσθήκη ετικέτας
Δεν υπάρχουν, Καταχωρήστε ετικέτα πρώτοι!
|
MARC
| LEADER | 00000nam a2200000 i 4500 | ||
|---|---|---|---|
| 001 | 1/67489 | ||
| 008 | 990122s1996 gre d | ||
| 020 | |a 960-344-200-3 | ||
| 035 | |l 10047486 | ||
| 040 | |a GR-MY-UA |b gre |e aacr | ||
| 041 | 0 | |a gre | |
| 082 | 0 | |a 889.1 | |
| 100 | 1 | |a Δουβίτσας, Γεράσιμος Π. | |
| 245 | 1 | 0 | |a Λεωφόρος αισθημάτων : |b ποιήματα / |c Γεράσιμος Π.Δουβίτσας |
| 260 | |a Αθήνα : |b Ελληνικά Γράμματα, |c 1996 | ||
| 300 | |a 111 σ. | ||
| 650 | 0 | 0 | |a Greek poetry, Modern |y 20th century. |
| 852 | |a INST |b RHODES |e 19990122 |h 889.1 ΔΟΥ |p 005400005670 |q 005400005670 |t BK |y 0 | ||
| 901 | |a BIBL-1999-1 | ||
| 909 | |a Ρ |b 052766 |c 1997 | ||
| 922 | |a 4ΕΛΗ |b 199712 |c ΦΙΟΡΑΒΑΝΤΕΣ |d EMVASIS | ||
| 970 | |z 2000/07/ΚΑΤΕΡΙΝΑ | ||